Úlohy a možnosti interného auditu v účtovníctv

Gespeichert in:
Bibliographische Detailangaben
1. Verfasser: Rohošková, Linda (Verfasst von)
Format: Manuskript Buch
Sprache:Slowakisch
Veröffentlicht: Bratislava : STU v Bratislave ChtF, 2001
Ausgabe:Dát.obháj.:
Tags: Tag hinzufügen
Keine Tags, Fügen Sie das erste Tag hinzu!

MARC

LEADER 00000ntm a22000003a 4500
001 stu58458
005 20150617225654.8
008 010628s2001----xo------------------slo-d
040 |a STU  |b slo 
041 0 |a slo 
044 |a xo 
100 1 |a Rohošková, Linda  |4 aut 
245 1 |a Úlohy a možnosti interného auditu v účtovníctv 
250 |a Dát.obháj.: 
260 |a Bratislava :  |b STU v Bratislave ChtF,  |c 2001 
300 |a 73 s. Tab.,lit 
500 |a Zameranie: Manažment chem. a potrav. podnikov 
996 |b 284C019532  |c C*D13366  |l CCI  |s A  |a 24  |w stu58458_0001